Most expensive football transfers - Born in 1981 - Statistics

General Stats
  • This quiz has been taken 30 times
  • The average score is 7 of 10
Answer Stats
Fee (M €) Season Nationality Left Joined Player % Correct
69,50 2009-2010 Sweden Inter Barcelona Zlatan Ibrahimović
100%
38,00 2008-2009 Bulgaria Tottenham Manchester United Dimitar Berbatov
96%
34,50 2009-2010 Spain Liverpool Real Madrid Xabi Alonso
89%
27,00 2011-2012 Cameroon Inter Anzhi Samuel Eto'o
86%
27,00 2004-2005 Cameroon RCD Mallorca Barcelona Samuel Eto'o
86%
40,00 2010-2001 Spain Valencia Barcelona David Villa
79%
27,20 2006-2007 England Tottenham Manchester United Michael Carrick
61%
26,00 2006-2007 Mali Olympique Lyon Real Madrid Mahamadou Diarra
50%
35,90 2001-2002 Argentina River Plate Barcelona Javier Saviola
46%
31,50 2005-2006 England Manchester City Chelsea Shaun Wright-Phillips
39%
No matching quizzes found
Score Distribution
Percent of People with Each Score
Percentile by Number Answered
Your Score History
You have not taken this quiz